<?xml version="1.0" encoding="UTF-8"?>
<record
    xmlns:xsi="http://www.w3.org/2001/XMLSchema-instance"
    xsi:schemaLocation="http://www.loc.gov/MARC21/slim http://www.loc.gov/standards/marcxml/schema/MARC21slim.xsd"
    xmlns="http://www.loc.gov/MARC21/slim">

  <leader>00487nam a2200181   4500</leader>
  <controlfield tag="003">SEACOMMC</controlfield>
  <controlfield tag="005">20250417133255.0</controlfield>
  <controlfield tag="008">240924b        |||||||| |||| 00| 0 eng d</controlfield>
  <datafield tag="020" ind1=" " ind2=" ">
    <subfield code="a"> 81-7660-071-7</subfield>
    <subfield code="c">Rs.280.00</subfield>
  </datafield>
  <datafield tag="040" ind1=" " ind2=" ">
    <subfield code="a">SEACOMMC</subfield>
  </datafield>
  <datafield tag="082" ind1=" " ind2=" ">
    <subfield code="a">511.1</subfield>
    <subfield code="b">R230</subfield>
  </datafield>
  <datafield tag="100" ind1=" " ind2=" ">
    <subfield code="a">:Rathore, S.K.S</subfield>
  </datafield>
  <datafield tag="245" ind1="1" ind2=" ">
    <subfield code="a">Discrete Structure and Graph Theory</subfield>
    <subfield code="c">S.K.S. Rathore [and] Harsha Chaudhari</subfield>
  </datafield>
  <datafield tag="250" ind1=" " ind2=" ">
    <subfield code="a">6th ed.</subfield>
  </datafield>
  <datafield tag="260" ind1=" " ind2=" ">
    <subfield code="a">Kplkata</subfield>
    <subfield code="b">Everest </subfield>
    <subfield code="c"> 2006</subfield>
  </datafield>
  <datafield tag="650" ind1=" " ind2=" ">
    <subfield code="a"> Mathematics</subfield>
  </datafield>
  <datafield tag="942" ind1=" " ind2=" ">
    <subfield code="c">BOOK</subfield>
  </datafield>
  <datafield tag="952" ind1=" " ind2=" ">
    <subfield code="0">0</subfield>
    <subfield code="1">0</subfield>
    <subfield code="2">ddc</subfield>
    <subfield code="4">0</subfield>
    <subfield code="7">0</subfield>
    <subfield code="a">SEACOMMC</subfield>
    <subfield code="b">SEACOMMC</subfield>
    <subfield code="d">2007-10-03</subfield>
    <subfield code="l">0</subfield>
    <subfield code="o">511.1 R230</subfield>
    <subfield code="p">M-287</subfield>
    <subfield code="r">2024-09-24 11:36:22</subfield>
    <subfield code="w">2024-09-24</subfield>
    <subfield code="y">BOOK</subfield>
  </datafield>
  <datafield tag="952" ind1=" " ind2=" ">
    <subfield code="0">0</subfield>
    <subfield code="1">0</subfield>
    <subfield code="2">ddc</subfield>
    <subfield code="4">0</subfield>
    <subfield code="7">0</subfield>
    <subfield code="a">SEACOMMC</subfield>
    <subfield code="b">SEACOMMC</subfield>
    <subfield code="d">2007-10-03</subfield>
    <subfield code="l">0</subfield>
    <subfield code="o">511.1 R230</subfield>
    <subfield code="p">M-288</subfield>
    <subfield code="r">2024-09-24 11:36:49</subfield>
    <subfield code="t">1</subfield>
    <subfield code="w">2024-09-24</subfield>
    <subfield code="y">BOOK</subfield>
  </datafield>
  <datafield tag="952" ind1=" " ind2=" ">
    <subfield code="0">0</subfield>
    <subfield code="1">0</subfield>
    <subfield code="2">ddc</subfield>
    <subfield code="4">0</subfield>
    <subfield code="7">0</subfield>
    <subfield code="a">SEACOMMC</subfield>
    <subfield code="b">SEACOMMC</subfield>
    <subfield code="d">2007-10-03</subfield>
    <subfield code="l">0</subfield>
    <subfield code="o">511.1 R230</subfield>
    <subfield code="p">M-289</subfield>
    <subfield code="r">2024-09-24 11:36:49</subfield>
    <subfield code="t">2</subfield>
    <subfield code="w">2024-09-24</subfield>
    <subfield code="y">BOOK</subfield>
  </datafield>
  <datafield tag="952" ind1=" " ind2=" ">
    <subfield code="0">0</subfield>
    <subfield code="1">0</subfield>
    <subfield code="2">ddc</subfield>
    <subfield code="4">0</subfield>
    <subfield code="7">0</subfield>
    <subfield code="a">SEACOMMC</subfield>
    <subfield code="b">SEACOMMC</subfield>
    <subfield code="d">2007-10-03</subfield>
    <subfield code="l">0</subfield>
    <subfield code="o">511.1 R230</subfield>
    <subfield code="p">M-290</subfield>
    <subfield code="r">2024-09-24 11:36:49</subfield>
    <subfield code="t">3</subfield>
    <subfield code="w">2024-09-24</subfield>
    <subfield code="y">BOOK</subfield>
  </datafield>
  <datafield tag="952" ind1=" " ind2=" ">
    <subfield code="0">0</subfield>
    <subfield code="1">0</subfield>
    <subfield code="2">ddc</subfield>
    <subfield code="4">0</subfield>
    <subfield code="7">0</subfield>
    <subfield code="a">SEACOMMC</subfield>
    <subfield code="b">SEACOMMC</subfield>
    <subfield code="d">2007-10-03</subfield>
    <subfield code="l">0</subfield>
    <subfield code="o">511.1 R230</subfield>
    <subfield code="p">M-291</subfield>
    <subfield code="r">2024-09-24 11:36:49</subfield>
    <subfield code="t">4</subfield>
    <subfield code="w">2024-09-24</subfield>
    <subfield code="y">BOOK</subfield>
  </datafield>
  <datafield tag="952" ind1=" " ind2=" ">
    <subfield code="0">0</subfield>
    <subfield code="1">0</subfield>
    <subfield code="2">ddc</subfield>
    <subfield code="4">0</subfield>
    <subfield code="7">0</subfield>
    <subfield code="a">SEACOMMC</subfield>
    <subfield code="b">SEACOMMC</subfield>
    <subfield code="d">2007-10-03</subfield>
    <subfield code="l">0</subfield>
    <subfield code="o">511.1 R230</subfield>
    <subfield code="p">M-292</subfield>
    <subfield code="r">2024-09-24 11:36:49</subfield>
    <subfield code="t">5</subfield>
    <subfield code="w">2024-09-24</subfield>
    <subfield code="y">BOOK</subfield>
  </datafield>
  <datafield tag="952" ind1=" " ind2=" ">
    <subfield code="0">0</subfield>
    <subfield code="1">0</subfield>
    <subfield code="2">ddc</subfield>
    <subfield code="4">0</subfield>
    <subfield code="7">0</subfield>
    <subfield code="a">SEACOMMC</subfield>
    <subfield code="b">SEACOMMC</subfield>
    <subfield code="d">2007-10-03</subfield>
    <subfield code="l">0</subfield>
    <subfield code="o">511.1 R230</subfield>
    <subfield code="p">M-293</subfield>
    <subfield code="r">2024-09-24 11:36:49</subfield>
    <subfield code="t">6</subfield>
    <subfield code="w">2024-09-24</subfield>
    <subfield code="y">BOOK</subfield>
  </datafield>
  <datafield tag="999" ind1=" " ind2=" ">
    <subfield code="c">587</subfield>
    <subfield code="d">587</subfield>
  </datafield>
</record>
